Statistiken für Um die Ecke denken - Sag was du siehst!

Klicken Sie hier um das Quiz zu spielen!

Allgemein

  • Dieses Quiz wurde 1.478 mal gespielt
  • Das Durchschnittsergebnis liegt bei 5 aus 13

Antwortstatistiken

RätselTippAntwort% Korrekt
tel tel tel tel tel tel tel tel tel telWer gut zählt, hat wenigstens schon mal einen Teil der halben Miete.Zehntel
74%
qLautmalerisch ganz wie die Mutter, nur eben klein.Kalb
66%
Heim TeilWas steht hier wo? Im eigenen Stadion ist es doch am schönsten.Heimvorteil
65%
Moby DickGrößer geht es nicht.Blauwal
61%
Wau Wau °Lautmalerisch gelangt man in eine europäische Hauptstadt.Belgrad
44%
allallesemIm Großen und Ganzen ein Wort im anderen. (3 Wörter)Alles in allem
40%
Le id = LeKomm, lass dich trösten. (5 Wörter)Geteiltes Leid ist halbes Leid
38%
MUTTER VATERDas Paar legt Wert auf Majuskeln.Großeltern
38%
SchleifWieder und wieder sieht es so aus, als hätte das Wort keinen Schluss.Endlosschleife
32%
WocheeeeeeeeeeeeYippie ein Brückentag! (2 Wörter)Langes Wochenende
30%
gnaGDas R neben den Zahlen von 1 bis 5 oder 6.Rückwärtsgang
24%
Schwerkraft Schwermut Schwertfisch Schwerwiegend Schwerelosigkeit...aber gegen Ende wird es leichter. (4 Wörter)Aller Anfang ist schwer
16%
Alpen, Anden, Pyrenäen, Kaukasus, Himalaya, Rocky Mountains, AtlasRichtig berechnet landet man in der Nähe von Köln.Siebengebirge
15%

Verteilung der Resultate

Perzentil nach korrekt beantworteten Fragen

Anzahl Personen mit jedem Resultat

Ihre Resultats-Entwicklung

Sie haben dieses Quiz noch nicht gespielt